FIFA World Cup Finals Results - Statistics

General Stats
  • This quiz has been taken 30 times
  • The average score is 63 of 88
Answer Stats
Hint Answer % Correct
1930 Uruguay
100%
2010 Spain
93%
Uruguay
93%
1994 Brazil
89%
Brazil
89%
2002 Brazil
89%
1998 France
89%
2018 France
89%
2014 Germany
89%
1934 Italy
89%
2006 Italy
89%
1986 Argentina
85%
2022 Argentina
85%
Brazil
85%
Croatia
85%
1966 England
85%
France
85%
France
85%
France
85%
Italy
85%
Netherlands
85%
South Africa
85%
1990 West-Germany
85%
1-0
81%
1978 Argentina
81%
Argentina
81%
1958 Brazil
81%
1962 Brazil
81%
1970 Brazil
81%
England
81%
Germany
81%
Germany
81%
1938 Italy
81%
1982 Italy
81%
Japan
81%
Mexico
81%
United States
81%
1974 West Germany
81%
Argentina
78%
Argentina
78%
Italy
78%
Italy
78%
Qatar
78%
Russia
78%
1954 West Germany
78%
West Germany
78%
West Germany
78%
1-0
74%
3-0
74%
1950 Uruguay
74%
1-0
70%
2-0
70%
4-2
70%
France
70%
Italy
70%
Spain
70%
Sweden
70%
Brazil
67%
Brazil
67%
Mexico
67%
Sweden
67%
West Germany
67%
2-1
63%
3-2
63%
4-2
63%
Argentina
63%
Chile
63%
Netherlands
63%
Switzerland
63%
West Germany
63%
1-1 (5-3)
59%
4-1
59%
Hungary
59%
Netherlands
59%
2-1
56%
3-1
56%
3-3 (4-2)
56%
3-1
52%
3-2
48%
5-2
48%
2-1
44%
4-2
44%
Hungary
41%
0-0 (3-2)
37%
4-2
33%
Czechoslovakia
33%
Czechoslovakia
33%
3-1
26%
No matching quizzes found
Score Distribution
Percent of People with Each Score
Percentile by Number Answered
Your Score History
You have not taken this quiz